[Event "RUS-ch 54th"]
[Site "Elista"]
[Date "2001.04.30"]
[Round "1"]
[White "Beshukov, Sergei"]
[Black "Aseev, Konstantin N"]
[Result "1-0"]
[WhiteElo "2463"]
[BlackElo "2577"]
[Annotator "Gofshtein,L"]
[PlyCount "73"]
[EventDate "2001.04.29"]
[EventType "swiss"]
[EventRounds "9"]
[EventCountry "RUS"]
[SourceTitle "CBM 083"]
[Source "ChessBase"]
[SourceDate "2001.07.05"]
[SourceVersion "1"]
[SourceVersionDate "2001.07.05"]
[SourceQuality "1"]

1. e4 c5 2. Nf3 Nc6 3. d4 cxd4 4. Nxd4 Nf6 5. Nc3 d6 6. Bg5 e6 7. Qd2 a6 8.
O-O-O Bd7 9. f3 Rc8 (9... b5 10. h4 h5 11. Kb1 Be7 12. Nxc6 Bxc6 13. Ne2 $16 {
Tal,M-Cabrillo/Lvov/1981/}) (9... Nxd4 10. Qxd4 Be7 11. g4 Bc6 12. Be3 O-O 13.
Qd2 {Tal,M-Deze/Novi Sad/1974/}) 10. Kb1 Be7 11. Nxc6 (11. Be3 O-O 12. g4 Nxd4
13. Bxd4 (13. Qxd4 Bc6 14. g5 Nd7 15. f4) 13... Bc6 (13... b5 14. g5 Ne8 15. h4
Nc7 16. Ne2 Rb8 17. Ng3 Re8 18. f4 $16 {White is much faster} Bf8 19. f5 $40 {
1/2-1/2 Karpov,A-Hort,V/Montreal 1979/MCL/[ChessBase] (27)}) 14. h4 b5 15. g5
Nd7 16. a3 $6 Rb8 17. Bd3 a5 $132 {0-1 Kutuzovic,B-Kozul,Z/Pula 1996/EXT 98 
(31)}) (11. h4 O-O (11... h5 12. Nxc6 Rxc6 13. Bd3 (13. Ne2 b5 14. Nf4 Rc8 15.
Bd3 Bc6 16. Qe1 Qb6 17. Qg3 b4 18. Rhe1 e5 19. Nh3 $16 {1-0 Mrdja,M-Pantaleoni,
C/Saint Vincent 2000/CBM 74 ext (39)}) 13... b5 (13... Qc7 14. Rhe1 O-O 15. Nd5
exd5 16. exd5 Rc5 17. Rxe7 $16 {1-0 Luecke,N-Kalinitschew,S/Muenster 1990/EXT
97 (38)}) 14. Rhe1 b4 15. Ne2 Qb6 16. Nf4 a5 17. e5 dxe5 18. Ng6 $40 {1-0
Shabalov,A-Fedorowicz,J/Seattle 2000/CBM 80 no vc (27)}) (11... Na5 12. g4 b5
13. Qg2 Qc7 14. Bd3 b4 15. Nce2 Nc4 16. Bc1 a5 17. Ng3 Kd8 18. g5 $36 {0-1
Hardarson,R-Schoen,W/Reykjavik 1988/TD (40)}) (11... Ne5 12. g4 b5 13. Bd3 O-O
14. Be3 Kh8 15. h5 Rc7 16. g5 Ng8 17. f4 Nc4 18. Bxc4 Rxc4 19. f5 $40 {1-0 Oll,
L-Azmaiparashvili,Z/Groningen 1993/CBM 39 (40)}) (11... h6 12. Be3 h5 13. Bd3
Ne5 14. Rhe1 b5 15. a3 Rb8 16. f4 Nc4 17. Bxc4 bxc4 18. Ka2 Ng4 19. Bg1 O-O 20.
Nf3 Bc6 21. Bd4 Qc7 $17 {0-1 Pavlovic,M-Damljanovic,B/Subotica 2000/CBM 76 (35)
}) 12. g4 b5 13. Nxc6 Bxc6 14. Bd3 d5 15. e5 Nd7 16. f4 Nc5 17. Rhe1 f6 18.
exf6 Bxf6 19. Ne2 $14 {1-0 Korneev,O-Estremera Panos,S/Vendrell 1996/EXT 98 
(39)}) 11... Rxc6 12. h4 Bc8 {Black bishop going to c8 outpost with idea to
set free d7square for black's knight .} 13. Ne2 {[%cal Ye2d4,Ye2g3] White's
knight going to d4 or g3 outpost.} h6 14. Be3 d5 15. e5 Nd7 16. Nd4 Rc7 17. f4
Bxh4 18. Bd3 Be7 19. Qf2 Nc5 20. g4 $44 {White has certain compensation for
the pawn down.} Rf8 21. f5 b5 22. f6 gxf6 23. exf6 Bxf6 $2 (23... Bd6 24. Rxh6
(24. Bxh6 Nxd3 25. Rxd3 Rh8 $13) 24... Nxd3 25. Rxd3 e5 26. Nf5 Bxf5 27. Qxf5
d4 $132) 24. Nxb5 $1 axb5 25. Bxc5 $16 {White has clear advantage now,because
black king on the center.} Be7 26. Bb6 Qd6 27. Bxc7 Qxc7 28. Bxb5+ Bd7 29.
Bxd7+ Kxd7 $18 30. Rxh6 Bd6 31. Rh7 {[%csl Rf7][%cal Rh7f7,Yf2f7]} Ke8 32. Qe2
{[%csl Yd5][%cal Yd1d5]} Qc6 33. g5 {[%csl Yg6][%cal Yg5g6]} Be7 34. Qh5 Qb5
35. a4 Qb4 36. Rxf7 Rxf7 37. Rf1 (37. Rf1 Qxa4 38. Qxf7+ Kd7 39. g6) 1-0

[Event "EU-chT (Men) 11th"]
[Site "Pula"]
[Date "1997.05.??"]
[Round "6.2"]
[White "Svidler, Peter"]
[Black "Kozul, Zdenko"]
[Result "1-0"]
[WhiteElo "2640"]
[BlackElo "2590"]
[Annotator "Gofshtein,L"]
[PlyCount "81"]
[EventDate "1997.05.05"]
[EventType "team-swiss"]
[EventRounds "9"]
[EventCountry "CRO"]
[SourceTitle "CBM 057 Extra"]
[Source "ChessBase"]
[SourceDate "1997.05.01"]
[SourceVersion "1"]
[SourceVersionDate "1997.05.01"]
[SourceQuality "1"]
[WhiteTeam "Russia"]
[BlackTeam "Croatia"]
[WhiteTeamCountry "RUS"]
[BlackTeamCountry "CRO"]

1. e4 c5 2. Nf3 Nc6 3. d4 cxd4 4. Nxd4 Nf6 5. Nc3 d6 6. Bg5 e6 7. Qd2 a6 8.
O-O-O Bd7 9. f4 b5 10. Bxf6 gxf6 (10... Qxf6 11. e5 dxe5 12. Ndxb5 Qd8 13. Nd6+
Bxd6 14. Qxd6 exf4 15. Bxa6 Rxa6 16. Nb5 Ra7 17. Nxa7 Nxa7 18. Qd4 $16 {
Bachkov-Sherbakov,R,Cheliabinsk,1990}) 11. Kb1 Qb6 12. Nce2 h5 (12... Rc8 13.
g3 h5 (13... Na5 $5 14. b3 Nc6 15. Bg2 Qa5 $1 16. c3 Nxd4 17. Qxd4 Be7 18. Rhe1
h5 19. Rc1 Qc7) 14. Bg2 Na5 15. b3 Nc6 16. Rhf1 $1 Qa5 $1 17. c3 Qb6 $6 18. f5
$1 Bh6 19. Qe1 Nxd4 20. Nxd4 e5 21. Nc2 a5 22. h4 $16 {Hjartarson-Yermolinsky,
Erevan1996}) 13. g3 Na5 14. b3 Nc6 15. Bg2 Rc8 16. Rhf1 Nxd4 $6 $146 17. Nxd4
Qc5 18. Rf3 $1 Bg7 (18... Be7 19. h4 $16) 19. c3 a5 20. h4 O-O (20... b4 21. c4
a4 22. Nc2 $16) 21. Rd3 b4 22. c4 f5 23. exf5 a4 24. fxe6 fxe6 $2 (24... Bxe6
$13) 25. f5 $1 e5 (25... exf5 26. Bd5+ Kh7 27. Qe2 $18) 26. Bd5+ Qxd5 (26...
Kh7 27. Qg5 $18) 27. cxd5 exd4 28. bxa4 Bxf5 29. Rf1 Bg6 30. Rxf8+ Kxf8 31. Kb2
Rc3 (31... Bxd3 32. Qxd3 Rc3 33. Qd2 d3 34. Kb1 $18) 32. Qf4+ Kg8 33. Rd2 Ra3
34. Qxd6 d3+ 35. Kb1 Kh7 36. Qxb4 Rc3 37. d6 Rc6 38. a3 Ra6 39. g4 hxg4 40. h5
Bxh5 41. Qb5 1-0

[Event "EU-chT (Men) 11th"]
[Site "Pula"]
[Date "1997.05.??"]
[Round "1.2"]
[White "Yilmaz, Turhan"]
[Black "Kozul, Zdenko"]
[Result "0-1"]
[WhiteElo "2390"]
[BlackElo "2590"]
[Annotator "Gofshtein,L"]
[PlyCount "58"]
[EventDate "1997.05.05"]
[EventType "team-swiss"]
[EventRounds "9"]
[EventCountry "CRO"]
[SourceTitle "CBM 057 Extra"]
[Source "ChessBase"]
[SourceDate "1997.05.01"]
[SourceVersion "1"]
[SourceVersionDate "1997.05.01"]
[SourceQuality "1"]
[WhiteTeam "Turkey"]
[BlackTeam "Croatia"]
[WhiteTeamCountry "TUR"]
[BlackTeamCountry "CRO"]

1. e4 c5 2. Nf3 Nc6 3. d4 cxd4 4. Nxd4 Nf6 5. Nc3 d6 6. Bg5 e6 7. Qd2 a6 8.
O-O-O Bd7 9. f3 Be7 10. h4 Rc8 11. g4 $6 (11. Kb1 h5 12. Nxc6 Rxc6 13. g3 (13.
Ne2 e5 14. Nc3 Be6 15. g3 Qc8 16. Rh2 Bd8 17. Bxf6 Bxf6 18. Nd5 Bd8 19. f4 $14
{Sutovskij.E-Kozul.Z,Bled 97}) 13... b5 14. Bg2 b4 15. Ne2 a5 16. Nf4 Qb6 17.
Rhe1 Rc7 18. Bh3 a4 19. Qe3 $14 {Lanka-KozulEu-ch TM}) 11... h5 $1 12. gxh5
Nxh5 13. Rg1 Nxd4 14. Qxd4 Rc6 15. Qd2 g6 (15... Bf6 16. e5 dxe5 17. Bxf6 gxf6
18. Ne4 Qc7 19. Nd6+ $13 {Fercec N.-Kozul Z,Pula96}) 16. Ne2 $2 (16. Bh3 $5)
16... e5 $1 17. Nc3 Be6 18. Nd5 Bxd5 19. Qxd5 (19. exd5 Rc5 $17) 19... Bxg5+
20. hxg5 Nf4 21. Qd2 Rh5 22. Kb1 Qb6 $19 23. Bd3 Ke7 24. Rg3 Qc5 25. Bf1 Rc8
26. b4 Qb6 27. a3 a5 28. Kb2 axb4 29. axb4 Rh2 {30.Qh2 Qb4 31.KC1 QC3} 0-1

[Event "RUS-chT 11th"]
[Site "Sochi"]
[Date "2004.04.25"]
[Round "6.2"]
[White "Akopian, Vladimir Eduardovic"]
[Black "Lugovoi, Aleksei"]
[Result "1-0"]
[WhiteElo "2689"]
[BlackElo "2550"]
[Annotator "Gofshtein,L"]
[PlyCount "63"]
[EventDate "2004.04.20"]
[EventType "team-tourn"]
[EventRounds "9"]
[EventCountry "RUS"]
[SourceTitle "EXT 2020"]
[Source "ChessBase"]
[SourceDate "2019.10.17"]
[SourceVersion "1"]
[SourceVersionDate "2019.10.17"]
[SourceQuality "1"]
[WhiteTeam "Tomsk 400"]
[BlackTeam "Sankt Petersburg"]
[WhiteTeamCountry "RUS"]
[BlackTeamCountry "RUS"]

1. e4 c5 2. Nf3 d6 3. d4 cxd4 4. Nxd4 Nf6 5. Nc3 Nc6 6. Bg5 e6 7. Qd2 a6 8.
O-O-O Bd7 9. f4 h6 {Black tries with the help pf g7-g5 to take control over
the e5 square. Other moves, such as 9...Be7 or 9...b5 are also possible, for
example:} (9... b5) (9... b5 10. Bxf6 gxf6 11. Nxc6 Bxc6 12. Qe3 Qc7 13. Kb1
Qa7 14. Qe1 Be7 15. f5 Qc5 16. Bd3 b4 $132 {1/2-1/2 Cao Sang-Acs,P/Heviz 2003/
CBM 96 (40)}) (9... Be7) (9... Be7 10. Nf3 b5 11. e5 b4 12. exf6 bxc3 13. Qxc3
gxf6 $132 {0-1 Tseitlin,M-Greenfeld,A/Tel Aviv 2002/CBM 93 (46)}) 10. Bh4 g5 {
Ernst: [#] '!?' Wells. '!?' Wells. Wells: Nothing wrong with this system as
such ( its another fairly respectable way of contesting the e5 square ) but
the weakness of f7 should be constantly borne in mind. Wells: Nothing wrong
with this system as such ( its another fairly respectable way of contesting
the e5 square ) but the weakness of f7 should be constantly borne in mind.} 11.
fxg5 Ng4 12. Nxc6 {By exchanging the knights white tries to take advantage of
the black weaknesses and the unfortunate position of the black king. Another
move 12.Nf3 also gives white a certain advantage, for example:} (12. Nf3) (12.
Nf3 hxg5 13. Bg3 Be7 14. Be2 Nge5 15. Kb1 Nxf3 16. gxf3 Ne5 17. h4 gxh4 18. f4
$44 {1-0 Larsen,B-Sorokin,M/La Plata 1997/CBM 62 ext (44)}) 12... Bxc6 13. Be2
$5 {An attempt to win a pawn by 13.Qf4 gives black a fine compensation} (13.
Qf4 hxg5 14. Bxg5 Qxg5 15. Qxg5 Bh6 16. Qxh6 Rxh6 17. Rxd6 Nf2 18. Rg1 Rxh2 $44
{Slobodjan,R-Heinbuch,D/Bonn GSK (11)/ 1995 0,5 (26)/CBM 45}) 13... Ne5 14. Kb1
{14.g3 is a more common move, usually leading to a better game for white. 14.
Rhf1 may lead to the same positions with a different move order} (14. g3 $5 Ng6
15. Rhf1 $5 Nxh4 16. gxh4 hxg5 17. hxg5 Rxh2 (17... Be7 $142 18. Rg1 Qa5 19.
Qf4 Qe5 20. Qxe5 dxe5 21. g6 $16) 18. Rxf7 $1 (18. Qf4 Rh7 19. g6 $2 Bh6 20.
gxh7 Qf6 $1 21. Kb1 Bxf4 22. Rxf4 Qh6 $19) 18... Kxf7 19. Qf4+ Ke8 20. Qxh2
Qxg5+ 21. Kb1 $14) 14... Be7 15. Bg3 hxg5 16. Rhf1 {[%cal Rf1f7] White
activizes the rook by putting it on the f-file} Qc7 $5 {16...b5 met a nice
refutation in the next game:} (16... b5 $2 17. Bxe5 $1 dxe5 {[%csl Rf7][%cal
Ye2h5,Yf1f7]} 18. Bh5 $1 {[%csl Rf7]} Bf6 (18... Rxh5 19. Qe2 $16 {[%cal Ge2h5,
Gd1d8]}) 19. Qf2 Qe7 20. g4 $1 $36 {[%csl Yh5] 1-0 Asrian,K-Galliamova,A/
Moscow 2002/CBM 88/[Wells] (27)}) (16... Qa5 $5) (16... Qa5 17. Qe3 f6 18. Be1
{1/2-1/2 Bromann,T-Groetz,H/Tingkaerskolen 1997/EXT 98 (96)}) 17. Qe3 b5 18. a3
{A typical move, securing the c3 square for the knight.} Qa7 {It's good for
black, to exchange the queens and release the tension a little, of course} 19.
Rd4 Qb6 {Black puts the queen on a better square. 19...f6 also deserved
attention, for example:} (19... f6 $5 20. Qd2 O-O-O 21. a4 d5 $6 (21... bxa4
22. Nxa4 d5 $132) 22. axb5 Nc4 23. Qd3 (23. Bxc4 $5 dxc4 24. Bf2 $16) 23...
axb5 $132 {1/2-1/2 Nokso Koivisto,A-Maki,V/Helsinki 1990/EXT 2000 (44)}) 20.
Qd2 {[%csl Rd6][%cal Rd4d6] white tranfers the queen to the d-file, preparing
a sacrifice of the exchange on d6 in some cases.} Bb7 {Black defends against
the sacrifice on d6 and allows white to get the initiative.} (20... Rc8 $5) 21.
Bxe5 $5 dxe5 22. Rd7 {Again white threatens to sacrifice an exchange by 23.Re7.
} f6 {Defending the pawn on f6 and discourages the sac on e7} 23. Bg4 {23.Qd1
also deserved a serious attention as the variations show} (23. Qd1 $1 b4 (23...
Rxh2 24. Bh5+ Rxh5 25. Rxb7 Qxb7 26. Qxh5+ Kd7 27. Qf7 $18) 24. Bh5+ Rxh5 25.
Rxb7 Qxb7 26. Qxh5+ $16) 23... Bc8 24. Bxe6 $5 {[%mdl 512] White bravely
sacrifices one piece and then another, planning to get a strong initiative for
the material.} Qxe6 25. Rxe7+ {[%mdl 512]} Qxe7 26. Nd5 Qg7 $2 {After this bad
move black loses right away. 26...Qc5 was necessary with good chances for
defending.} (26... Qc5 $5 27. Nxf6+ Ke7 28. Qxg5 (28. Nd5+ Kd6 29. Rf6+ (29.
Qxg5 Re8 30. Rd1 Kc6 31. Qg7 Ra7 32. Nb4+ Qxb4 33. Qxa7 Qe7) 29... Be6) 28...
Kd6 29. Ng8 Rxg8 30. Qxg8 Kc7 31. h4 Bb7) 27. Nxf6+ Ke7 28. Qd5 $1 $18 Ra7 29.
Qc5+ Kd8 30. Qb6+ Rc7 31. Rd1+ Bd7 32. Nxd7 1-0

[Event "RUS-ch m1-2"]
[Site "Elista"]
[Date "1997.05.26"]
[Round "3.2"]
[White "Svidler, Peter"]
[Black "Shcherbakov, Ruslan"]
[Result "1-0"]
[WhiteElo "2640"]
[BlackElo "2580"]
[Annotator "Gofshtein,L"]
[PlyCount "71"]
[EventDate "1997.05.19"]
[EventType "k.o."]
[EventRounds "6"]
[EventCountry "RUS"]
[SourceTitle "CBM 059"]
[Source "ChessBase"]
[SourceDate "1997.08.01"]
[SourceVersion "1"]
[SourceVersionDate "1997.08.01"]
[SourceQuality "1"]

1. e4 c5 2. Nf3 Nc6 3. d4 cxd4 4. Nxd4 Nf6 5. Nc3 d6 6. Bg5 e6 7. Qd2 a6 8.
O-O-O Bd7 9. f3 Qc7 10. Kb1 Be7 11. h4 (11. g4) 11... h6 (11... Rc8 12. g4 (12.
Nxc6 $5) 12... Nxd4 13. Qxd4 b5 14. Qd2 h5 15. gxh5 Nxh5 16. Rh2 b4 17. Ne2 Bf6
18. Nc1 a5 19. Rg2 Ke7 $11 {Luter-Grosspeter,Kechkemet 93}) (11... h5 12. Be2
Nxd4 13. Qxd4 b5 14. f4 e5 15. Qd3 b4 16. fxe5 bxc3 17. exf6 gxf6 18. Qd4 Rg8
19. Bxf6 cxb2 20. Bxe7 Kxe7 21. Bc4 Rxg2 22. e5 dxe5 23. Qd5 $18 {
Dimitrov-Sherbakov,Nic 96}) (11... O-O 12. h5 Rfd8 13. g4 d5 14. e5 $1 Nxe5 15.
h6 Nc4 16. Bxc4 dxc4 17. hxg7 Bc6 18. Qe1 Kxg7 19. Qh4 $18 {Elvest-Tishbirek,
New York94}) 12. Be3 h5 (12... Ne5 13. g4 b5 14. Qg2 $5 b4 15. Nce2 Nc4 16. Bc1
g6 17. g5 Nh5 18. Ng3 Nxg3 19. Qxg3 e5 20. h5 $1 exd4 21. hxg6 fxg6 22. gxh6
Kf7 23. Rxd4 Be6 24. Qf4+ Ke8 25. Bxc4 Bxc4 26. e5 d5 27. b3 $40 {
Shulskis-Sherbakov,Kozalin 96}) 13. Nxc6 $5 bxc6 (13... Bxc6 14. Ne2) 14. Bg5
$5 Rb8 $5 (14... d5 15. e5 Ng8 16. Bxe7 Nxe7 17. Qg5 g6 18. g4 $14) 15. Bc4 a5
$6 (15... Qb7 $5 16. Bb3 c5 $132) 16. Rhe1 e5 $2 (16... Qb7 17. Bb3 c5 $13) 17.
Rg1 Rb4 (17... O-O 18. Bxf6 gxf6 19. g4 $36) 18. Bb3 Be6 19. Ne2 $1 Qb7 20. Qc3
$1 d5 21. exd5 cxd5 22. Qxe5 a4 23. c3 Rxb3 24. axb3 axb3 25. Nd4 $1 $18 Qa7
26. Nxe6 fxe6 27. Qxe6 Qa2+ 28. Kc1 Qa1+ 29. Kd2 Qxb2+ 30. Ke3 Qxc3+ 31. Kf2
Rf8 32. Rge1 Ng4+ 33. Kg1 Qc5+ 34. Kh1 Nf2+ 35. Kh2 Rf7 36. Bxe7 1-0

[Event "RUS-ch m1-2"]
[Site "Elista"]
[Date "1997.05.20"]
[Round "1.2"]
[White "Shovunov, Baatr"]
[Black "Shcherbakov, Ruslan"]
[Result "1/2-1/2"]
[WhiteElo "2340"]
[BlackElo "2580"]
[Annotator "Gofshtein,L"]
[PlyCount "61"]
[EventDate "1997.05.19"]
[EventType "k.o."]
[EventRounds "6"]
[EventCountry "RUS"]
[SourceTitle "CBM 059"]
[Source "ChessBase"]
[SourceDate "1997.08.01"]
[SourceVersion "1"]
[SourceVersionDate "1997.08.01"]
[SourceQuality "1"]

1. e4 c5 2. Nf3 Nc6 3. d4 cxd4 4. Nxd4 Nf6 5. Nc3 d6 6. Bg5 e6 7. Qd2 a6 8.
O-O-O Bd7 9. f3 Qc7 10. h4 (10. Kb1 Rc8 11. Nxc6 $1 Bxc6 12. Bxf6 gxf6 13. Bd3
h5 14. Rhe1 Qa5 15. Bc4 $1 $16 {Leko-Sherbakov,Tilburg1996}) 10... Be7 11. h5
h6 12. Be3 b5 (12... Na5 $142) 13. Bd3 (13. Nxc6 $1 $14) 13... Nxd4 14. Bxd4 b4
15. Ne2 a5 16. Kb1 e5 17. Bf2 $6 (17. Be3 $142 d5 18. exd5 Nxd5 19. Be4 Nxe3
20. Qxe3 Rc8 21. Qd3 $132) 17... O-O 18. Be3 (18. Bh4 $6 Be6 19. g4 Nh7 20.
Bxe7 Qxe7 21. Ng3 Ng5 22. Be2 Rfd8 $17) 18... Rfd8 (18... d5 $143 19. exd5 (19.
Bxh6 dxe4 $1 20. Qg5 Ne8 21. Qxe7 exd3 22. Rxd3 Bf5 $17) 19... Nxd5 20. Bxh6
Nc3+ 21. Nxc3 (21. bxc3 $2 bxc3 22. Nxc3 Rab8+ 23. Ka1 Bb4 24. Nd5 Bxd2 25.
Nxc7 Bc3#) 21... bxc3 22. Qe3 gxh6 $6 23. Qxh6 f5 24. Rh3 Rf6 25. Rg3+ Kf7 26.
Rg7+ Ke6 (26... Ke8 27. Rg8+ Rf8 28. Qg6+ Kd8 29. Bxf5 $18) 27. Bxf5+ $1 Kxf5
28. Qh7+ Kf4 29. Qe4#) 19. g4 Nh7 20. Rhg1 Ng5 (20... Bg5 21. f4 exf4 22. Nxf4
$132) 21. Rdf1 Qc6 (21... Bc6 22. Bc4 $1 $14) 22. f4 (22. Ng3 Nh3 23. Rh1 Nf4
24. Ne2 Ng2 $15) 22... Nxe4 23. Bxe4 Qxe4 24. g5 hxg5 25. fxg5 a4 26. g6 f6 (
26... f5 27. Ng3) 27. Ng3 Qc4 28. b3 (28. h6 $6 b3 $1) 28... axb3 29. cxb3 Qg4
(29... Qc3 $2 30. Qd5+ Kh8 31. h6 gxh6 32. Rc1 Qxe3 33. Qf7 $18) 30. Kb2 d5 31.
h6 $13 1/2-1/2

[Event "Boskovic Memorial"]
[Site "Belgrade"]
[Date "2000.10.08"]
[Round "5"]
[White "Ivanovic, Bozidar"]
[Black "Damljanovic, Branko"]
[Result "1-0"]
[WhiteElo "2476"]
[BlackElo "2559"]
[Annotator "Gofshtein,L"]
[PlyCount "77"]
[EventDate "2000.10.03"]
[EventType "tourn"]
[EventRounds "9"]
[EventCountry "YUG"]
[EventCategory "14"]
[SourceTitle "CBM 080"]
[Source "ChessBase"]
[SourceDate "2001.01.25"]
[SourceVersion "1"]
[SourceVersionDate "2001.01.25"]
[SourceQuality "1"]

1. e4 c5 2. Nf3 Nc6 3. d4 cxd4 4. Nxd4 Nf6 5. Nc3 d6 6. Bg5 e6 7. Qd2 a6 8.
O-O-O Bd7 9. f4 b5 10. Bxf6 gxf6 11. Kb1 Qb6 12. Nxc6 Bxc6 13. Qe1 Be7 14. Bd3
h5 (14... Qc5 15. f5 {- see detailed commented game 1-0 Adams,M-Kozul,Z/
Belgrade 1999/CBM 69 (37) [Gofshtein,L]}) 15. f5 (15. Rf1 a5 16. f5 b4 17. Ne2
e5 18. Nc1 Qb7 19. Qe2 a4 $132 {1/2-1/2 Dolmatov,S-Sherbakov,R/Novgorod 1995/ 
(75)}) 15... b4 (15... Qc5 16. Rf1 {-see commented game 1-0 Short,N-Torre,E/
Manila izt 1990/Inf 49 (28) [Short,N]} (16. Qg3 Kd7 17. Qh3 $132)) 16. Ne2 e5 (
16... Rg8 17. Qh4 Rg5 18. fxe6 fxe6 19. Nf4 Bd7 20. Nxh5 $16 {1-0
Tingander-Rantsi/cr SF Mkl 1990/ (35)}) 17. Ng3 (17. Qg3 d5 (17... Bf8 18. Qf3
Qc5 19. Nc1 a5 20. Nb3 Qb6 21. Bc4 a4 22. Nc1 Ra5 23. Rhe1 $14 {1-0 Ivanov,
A-Anikaev,Y/Beltsi 1979/ (62)}) (17... Kf8 18. Qf3 Qc5 19. h4 d5 20. g4 hxg4
21. Qxg4 Rg8 $132 (21... Qe3 22. Rhg1 {1-0 Brustman,A-Nutu Gajic,D/Biel opW
1990 (22)})) 18. Qf3 (18. exd5 Bxd5 $132) 18... dxe4 19. Bxe4 Bxe4 20. Qxe4 $14
{1-0 Tiemann,H-Kask/cr OMT 1983/(36)}) (17. Nc1 Qb7 (17... a5 18. Bc4 Rc8 19.
b3 Rg8 20. Qe2 $14) 18. Qh4 a5 19. Rhe1 a4 20. Bc4 $14 {1-0 Oechslein,R-Piuva,
M/cr Baltic Sea 1991 (40)}) 17... h4 (17... a5 18. Qe2 h4 19. Nf1 Qc5 20. Bc4
Bd8 21. Ne3 Rc8 (21... Bxe4 22. Bd5 Bxd5 23. Rxd5 Qc6 24. Rhd1 $44) 22. Rhe1 (
22. Bd5 Bb5 23. Qd2 Bb6 24. Rhe1 a4) 22... Bxe4 23. Bd5 Bxd5 24. Rxd5 $44 {
1/2-1/2 Watson,W-Yrjola,J/Kecskemet 1988/ (44)}) 18. Nf1 Qb7 (18... Qc5 {
White can also not sacrifice P:} 19. Nd2 $1 $14 {[%cal Gd3c4] -can be
recommended.} (19. Ne3 a5 (19... Bd8 20. Bc4 Bb6 21. Nd5 Bxd5 22. Bxd5 $14 {
0-1 Ernst,T-Popovic,P/Tilburg 1992(75)}) 20. Bc4 $5 {[%csl Re4]} Bxe4 21. Bd5
Bxd5 22. Rxd5 Qc6 23. Qe2 Rg8 24. Rhd1 Rg5 25. Nc4 $44 {1/2-1/2 Perunovic,
M-Damljanovic,B/Valjevo YUG 2000/The Week in Chess 294 (51)})) (18... h3 19. g3
a5 20. Bc4 Rc8 21. Bd5 Bb5 22. Ne3 {1/2-1/2 Tiviakov,S-Damljanovic,B/Cacak
1996/CBM 57/ (22)}) 19. Nd2 $1 $14 a5 20. Bc4 {d5 is the key square, the
struggle goes surround this important point.} a4 21. Qe2 Ra5 22. Rhe1 Rc5 23.
b3 a3 (23... axb3 24. Nxb3 $1 $18 {[%csl Rc5]}) 24. Qg4 $1 {Position on the
queenside is stabled, and White opens activity on the opposite side!} Kf8 25.
Re3 d5 $1 {Otherwise White will increase activity.} 26. exd5 Bxd5 27. g3 $6 (
27. Bxd5 Rxd5 28. Ree1 Rg8 29. Qf3 Bc5 30. Ne4 Rxd1+ 31. Rxd1 Bd4 32. g4 hxg3
33. hxg3 $14) 27... Bxc4 28. Nxc4 Rd5 $1 29. Ree1 Rxd1+ 30. Rxd1 Qg2 $4 $18 {
This move already decisive mistake!} ({Right was only} 30... hxg3 31. hxg3 Rh1
32. Kc1 Rxd1+ 33. Qxd1 Bc5 $11) 31. Nb6 $1 {threatening Nd7 and Qg7 +-} Qc6 $8
32. Nd5 $4 $14 ({Immediately wins} 32. Nd7+ Ke8 33. Qg7 Rf8 34. Kc1 $1 (34.
Nxf8 $4 Qc3 35. Kc1 Bc5 $19) 34... e4 (34... hxg3 35. hxg3 Qc3 {[%tqu "En","?",
"","","g7f8","",10]} 36. Qxf8+ $3 {I am sure - this move was missed by White!}
Bxf8 37. Nxf6+ Ke7 38. Nd5+ $18) 35. Nxf8 Bxf8 36. Qg4 $18) 32... hxg3 33. hxg3
Qc5 34. Qe2 Kg7 35. g4 Rd8 36. Qf3 Bf8 $4 $18 {Black gives to White again
winning chance...} (36... Qc6 37. Qh3 Rh8 38. Qd3 Rd8 $14) (36... Rd6 37. Qh3
Qxd5 (37... Rxd5 38. Rh1 $18) 38. Rxd5 Rxd5 39. Kc1 $14) 37. g5 $1 {...and
White uses it!} Be7 ({The only possibility of resistance was} 37... Rxd5 $1 38.
Qxd5 $1 (38. gxf6+ $2 Kxf6 39. Qxd5 (39. Rxd5 e4 40. Rxc5 exf3 41. Rd5 f2 42.
Rd1 Kxf5 43. Rf1 Bc5 44. Kc1 Ke4 45. Kd2 Kf3 $19) 39... Qxd5 40. Rxd5 Kxf5 $17)
(38. Rxd5 e4 39. Qd1 Qc3 40. gxf6+ Kxf6 41. Qc1 Ke7 $17 {[%cal Gf8g7]}) 38...
Qc3 39. gxf6+ Kxf6 40. Qd8+ Be7 (40... Kxf5 41. Rf1+ Kg4 42. Rg1+ $18 {[%csl
Rg4]}) 41. Qh8+ Kg5 42. Qg7+ $18 {[%csl Rg5]}) 38. Qh3 Rh8 39. gxf6+ (39. gxf6+
Bxf6 40. Qg2+ Kf8 41. Nxf6 $18) 1-0